| 000 | 01428cab a22002775a 4500 | ||
|---|---|---|---|
| 001 | L143570 | ||
| 008 | 080520e20080517xxk f 000 0 eng d | ||
| 035 | _a(Sirsi) u143570 | ||
| 041 | 0 | _aeng | |
| 100 | 1 | _aHartley, Simon | |
| 245 | 0 | 0 | _aThou shalt not steal |
| 260 | _c2008 | ||
| 490 |
_aEstates Gazette _v(0819) 17 May 2008, 196-198(3) |
||
| 520 | _aWarns that instances of fraud relating to property are increasing. Concentrates on the practice of falsely registering land. If fraudulently registered land is sold, the actual sale cannot be challenged under the Land Registration Act 2002 since only the registration was fraudulent. Rectification of such deals cannot be made retrospectively to remove the third party's rights. Therefore such deals are not necessarily void, but are considered voidable. Owners of residential properties will find this process easier than owners of vacant commercial properties. Solution is generally found in the establishment of a clear title. | ||
| 590 | _aKA | ||
| 650 | 2 | 4 | _aLAND REGISTRATION ACT 1925 |
| 650 | 2 | 4 | _aLAND REGISTRATION ACT 2002 |
| 650 | 2 | 4 | _aNORWICH AND PETERBOROUGH BUILDING SOCIETY V STEED |
| 650 | 2 | 4 | _aBARCLAYS BANK PLC V GUY |
| 650 | 2 | 4 | _aPINTO V LIM |
| 650 | 2 | 4 | _aMALORY ENTERPRISES LTD V CHESHIRE HOMES (UK) LTD |
| 651 | 4 |
_aUnited Kingdom _y |
|
| 690 | _aPROPERTY-ACQUISITION AND DISPOSAL OF PROPERTY | ||
| 700 | 1 | _aBradford, Katie | |
| 942 | _n0 | ||
| 999 |
_c80222 _d80222 |
||